Design for teaching and training {ch}/ (Record no. 29495)
[ view plain ]
| 000 -LEADER | |
|---|---|
| fixed length control field | 00657nam a2200181 4500 |
| 008 - FIXED-LENGTH DATA ELEMENTS--GENERAL INFORMATION | |
| fixed length control field | 070625s1984 -hka 000 0 chi d |
| 090 ## - LOCALLY ASSIGNED LC-TYPE CALL NUMBER (OCLC); LOCAL CALL NUMBER (OCLC) | |
| Classification number (OCLC) (R) ; Classification number, CALL (RLIN) (NR) | LB1027 |
| Local cutter number (OCLC) ; Book number/undivided call number, CALL (RLIN) | F75d |
| -- | 3 |
| 100 1# - MAIN ENTRY--PERSONAL NAME | |
| Personal name | Ford, LeRoy. |
| 245 15 - TITLE STATEMENT | |
| Title | Design for teaching and training {ch}/ |
| Statement of responsibility, etc | LeRoy Ford yuan zhu ; Huang Maosheng yi. |
| 260 ## - PUBLICATION, DISTRIBUTION, ETC. (IMPRINT) | |
| Place of publication, distribution, etc | Xianggang : |
| Name of publisher, distributor, etc | Jin xin hui chu ban she, |
| Date of publication, distribution, etc | 1984. |
| 300 ## - PHYSICAL DESCRIPTION | |
| Extent | ix, 375 p. : |
| Other physical details | ill. ; |
| Dimensions | 19 cm. |
| 500 ## - GENERAL NOTE | |
| General note | Yuan shu ming: Design for teaching and training. |
| 650 #4 - SUBJECT ADDED ENTRY--TOPICAL TERM | |
| Topical term or geographic name as entry element | Lesson planning. |
| 951 ## - EQUIVALENCE OR CROSS-REFERENCE-GEOGRAPHIC NAME/AREA NAME [OBSOLETE] [CAN/MARC only] | |
| General subdivision | 00034842 |
| 700 1# - ADDED ENTRY--PERSONAL NAME | |
| Personal name | Huang, Maosheng. |
| 740 02 - ADDED ENTRY--UNCONTROLLED RELATED/ANALYTICAL TITLE | |
| Uncontrolled related/analytical title | Jiao xue yu xun lian de she ji. |
| 951 ## - EQUIVALENCE OR CROSS-REFERENCE-GEOGRAPHIC NAME/AREA NAME [OBSOLETE] [CAN/MARC only] | |
| -- | C-8530 |
| -- | CHLB1027/F75d/3 |
| -- | 070625154538156 |
| -- | 2000-12-21 |
| -- | CH |
| Withdrawn status | Lost status | Damaged status | Not for loan | Home library | Current library | Shelving location | Date acquired | Accession number | Shelving control number | Total Checkouts | Full call number | Barcode | Date last seen | Price effective from | Koha item type |
|---|---|---|---|---|---|---|---|---|---|---|---|---|---|---|---|
| BSOP Library | BSOP Library | Chinese Books (General Circulation) | 12/21/2000 | C-8530 | 127 | CHLB1027/F75d/3 | 00034842 | 02/23/2013 | 02/23/2013 | Books |
